000 00317 a2200121 4500
000 nam a22 7a 4500
005 20260204155336.0
020 _a978-0-691-26176-8
100 _aBecker, Stanley
_91113710
245 _aEurope without orders: a history
260 _bPrinceton University Press
_c2025
942 _cTB
999 _c1678650
_d1678650